000 00473nam a22001457a 4500
020 _a1-84477-767-7
082 _a613.7046
_bFREE/Y
100 _aFREEDMAN, FRANCOISE BARBIRA
245 _aYOGA & PILATES FOR EVERYONE
260 _aLONDON
_bHERMES HOUSE
_c2006
300 _a512
520 _aA COMPLETE SOURCEBOOK OF YOGA AND PILATES EXCERSISES TO TONE AND STRENGTHEN THE BODY WITH 1500 STEP BY STEP PHOTOGRAPHS
650 _aHEALTH AND FITNESS
_zUNITED KINGDOM
942 _cBK
999 _c5478
_d5478